| 000 | 00885cam a22002653a 4500 | ||
|---|---|---|---|
| 001 | 15449 | ||
| 003 | PGUSA | ||
| 005 | 20140828083330.0 | ||
| 008 | 050324s2005||||xxu|||||s|||||000 1 eng d | ||
| 040 |
_aPGUSA _beng |
||
| 042 | _adc | ||
| 050 | 4 | _aPS | |
| 100 | 1 |
_aKelly, Myra, _d1876-1910 |
|
| 245 | 1 | 0 |
_aNew Faces _h[electronic resource] / _cMyra Kelly |
| 260 |
_bProject Gutenberg, _c2005 |
||
| 505 | 0 | _a"The play's the thing" -- There's danger in numbers -- Misery loves company -- The Christmas guest -- "Who is Sylvia?" -- The spirit of Cecelia Anne -- Theodora, gift of God -- Great oaks from little acorns. | |
| 506 | _aPublic domain in the USA. | ||
| 516 | _aElectronic text | ||
| 653 | _aFiction | ||
| 653 | _aShort stories | ||
| 700 | 1 | _aNeagle, Charles F. | |
| 830 | 0 |
_aProject Gutenberg _v15449 |
|
| 856 | 4 | 0 | _uhttp://www.gutenberg.org/ebooks/15449 |
| 942 | _cEB | ||
| 999 |
_c244704 _d244704 |
||